000 007470000a22002290004500
003 LK-CoMWRAF
008 230817t ||||| |||| 00| 0 eng d
020 _a9555800804
040 _aLK-CoMWRAF
_dLK-CoMWRAF
_eLK-CoMWRAF
041 _aeng
082 _a730
_bSAR
100 _aSarvananthan, Muttukrishna
245 _aEconomic Imperative for Peace in Sri Lanka
_b
260 _bInternational Centre for Ethnic Studies
_aColombo 08 (Sri Lanka)
_c2003
300 _ap.12
490 _aWorking Paper 03
650 _aDefence Expenditure in Comparative Perspective
650 _aDefence Expenditures versus Social Expenditures
650 _aEthnic Conflict and Economic Growth
650 _aLabour - Intensive Military Strategy
942 _cBK
999 _c2235
_d2235